LEADER 01279nam a2200313 a 4500 001 000000112490 003 CaOOAMICUS 005 20080709162819.0 008 080709s1974 it b 000 u ita r 040 $aPUL$bita$dLDB 041 1 $aita$heng 100 1 $aReischauer, Edwin O.,$d1910-$0(OLS)http://pul/name/69345 240 10$aJapan: the story of a nation.$lItaliano.$0(OLS)http://pul/title/141380 245 10$aStoria del Giappone /$cDavid G. Chandler ; traduzione di Delfo Ceni. 246 34$aStoria del Giappone :$bpassato e presente 260 $aMilano :$bRizzoli,$c1974. 300 $a409 p. :$bc. geogr. ;$c23 cm 490 1 $aCollana storica Rizzoli 500 $aIndice : p. 397-409. 504 $aBibliografia: p. 379-[384]. 651 4$aGiappone$xStoria.$0(OLS)http://pul/subject/7333 830 0$aCollana storica Rizzoli.$0(OLS)http://pul/title/19867 850 $aPUL 852 $aPUL$W1$xDP1 Fondo Fallaci$y66$mB V 2.4$j128693$qFondi$B127645$CPULBib$Z2$F127645 $82 941 1 $a1 961 $aEx libris Oriana Fallaci 996 $6245$aStoria del Giappone$9(OLS)http://pul/title/141385 996 $6246$aStoria del Giappone :$bpassato e presente$9(OLS)http://pul/title/141386 996 $6260$aMilano :$bRizzoli$9(OLS)http://pul/publisher/48712 LEADER 00979nam a2200229 u 4500 001 000000077248 003 CaOOAMICUS 005 20070226123312.0 008 040123s1868 fr u000 u fre u 035 $a10981927 040 $aPUL(R)$bita 100 1 $aQuéant, Constant,$csac.,$dn. 1829.$0(OLS)http://pul/name/18575 245 13$aLe sacre :$bétudes historiques, philosophiques et religieuses /$cpar l'abbé Quéant .. 260 $aParis :$bchez J.-B. Dumoulin,$c1868. 300 $a345 p. ;$c24 cm 504 $aContiene indicazioni bibliografiche. 650 4$aSacro.$0(OLS)http://pul/subject/22928 850 $aPUL 852 $aPUL$W1$xDP1 Antico 800$y27$m137 B 26$j99272$nBK-PRI$b $qStampati Antico$B99272$CPULBib$Z2$F99272 $H $81 941 1 $a15 996 $6245$aLe sacre :$bétudes historiques, philosophiques et religieuses$9(OLS)http://pul/title/101296 996 $6260$aParis :$bchez J.-B. Dumoulin$9(OLS)http://pul/publisher/75024